| 000 | 00537nam a2200193 a 4500 | ||
|---|---|---|---|
| 001 | 1771563657120 | ||
| 003 | YourLibrary | ||
| 005 | 20260220105812.0 | ||
| 008 | 260220s2004##################000#0#eng## | ||
| 020 | _a9781843762560 | ||
| 082 | 0 | 4 |
_a338.18 _bBRO |
| 100 | 1 |
_aBrouwer, Floor, _eauthor. |
|
| 245 | 1 | 0 | _aSustaining Agriculture and the Rural Environment : |
| 260 |
_bEdward Elgar Publishing, _c2004. |
||
| 300 | _a400 pages | ||
| 650 | 0 | _aBusiness & Economics. | |
| 942 | _cENGLISH | ||
| 040 |
_aYourLibrary _beng _cYourLibrary |
||
| 999 |
_c613206 _d613206 |
||